Normal view
MARC view
- اللافقاريات-الحفريات-الرخويات -الحفريات الحيوانية
Entry Topical Term
001 - CONTROL NUMBER
- control field: 36936
003 - CONTROL NUMBER IDENTIFIER
- control field: JO-AjAnu
005 - DATE AND TIME OF LATEST TRANSACTION
- control field: 20230606080149.0
008 - FIXED-LENGTH DATA ELEMENTS
- fixed length control field: 230606|| aca||aabn | a|a d
040 ## - CATALOGING SOURCE
- Original cataloging agency: JO-AjAnu
- Transcribing agency: JO-AjAnu
150 ## - HEADING--TOPICAL TERM
- Topical term or geographic name entry element: اللافقاريات-الحفريات-الرخويات -الحفريات الحيوانية
670 ## - SOURCE DATA FOUND
- Source citation: Work cat.: (JO-AjAnu)18957: اليعقوبي ، بهلول, author 36935, المستحاثات اللافقارية : تناولهاعلميا ووصفها وتصنيفها